[Event "Fremont Weibel Quads 2"]
[Site "Fremont"]
[Date "2005.07.17"]
[Round "2"]
[White "Bezdecheck, Elliot"]
[Black "Lin, Sally"]
[Result "0-1"]
[WhiteElo "1048"]
[BlackElo "1038"]
[PlyCount "114"]
[EventDate "2005.07.16"]
[EventType "swiss"]
[EventRounds "3"]
[EventCountry "USA"]
[SourceTitle "EXT 2009"]
[Source "ChessBase"]
[SourceDate "2008.11.26"]
[SourceVersion "1"]
[SourceVersionDate "2008.11.26"]
[SourceQuality "1"]

1. e4 e5 2. Nf3 d5 3. exd5 Bd6 4. d4 e4 5. Nfd2 Nf6 6. Nc3 Bf5 7. f3 exf3 8. Nxf3 0-0 9. Bd3 Bxd3 10. Qxd3 Re8+ 11. Ne2 Nxd5 12. 0-0 Nd7 13. Bd2 c6 14. Rae1 Qc7 15. c4 Nf4 16. Nxf4 Bxf4 17. Bxf4 Qxf4 18. Ne5 Nxe5 19. Rxe5 Qh6 20. Rfe1 Rxe5 21. dxe5 Re8 22. Rd1 g6 23. Qf1 Qe3+ 24. Qf2 Qxe5 25. h3 Qe2 26. Qxe2 Rxe2 27. Rb1 Rc2 28. Kf1 Rxc4 29. Kf2 b5 30. Ke3 Rc2 31. Kf3 a5 32. g4 c5 33. a3 b4 34. axb4 axb4 35. b3 Rc3+ 36. Ke4 Rxh3 37. Rc1 h5 38. gxh5 gxh5 39. Rxc5 Kg7 40. Kd4 Rxb3 41. Rb5 h4 42. Kc5 h3 43. Rxb4 Rxb4 44. Kxb4 h2 45. Kc5 h1Q 46. Kd4 Qe1 47. Kd5 Kf6 48. Kd4 Ke6 49. Kc4 Qd1 50. Kc5 Qd5+ 51. Kb4 Kd6 52. Kc3 Kc5 53. Kb2 Qd3 54. Ka2 Kb4 55. Kb2 Qd2+ 56. Ka1 Kb3 57. Kb1 Qb2# 0-1